1222 1825 1703 1817 1199 1806 1172 1246 1698 1050 1482 1726 1201 1387 1750 1024 1407 1859 1581 1610 1034 1210 1827 1000 1220 1356 1533 1098 1055 1256 1046 1778 1130 1564 1311 1491 1590 1551 1158 1941 1604 1082 1377 1872 1666 1238 1409 1166 1652 1250 1905 1308 1443 1912 1412 1981 1147 1151 1243 1958 1150 1622 1211 1099 1519 1826 1091 1919 1995 1136 1682 1421 1180 1353 1596 1332 1506 1306 1743 1580 1756 1686 1540 1382 1435 1940 1637 1946 1934 1240 1609 1275 1528 1832 1987 1533 1818 1588 1825 BCNSPRNW ULIB Ver.6.0+V

เปลี่ยนเป็นภาษาไทย

Change to English
 แสดงรายละเอียดบรรณานุกรม
  กลับหน้าหลัก

Brief Record : Get Marc (ISO 2709) : E-mail record : QR code < ปิดหน้าต่าง
LEADER : 00000nam 2200000uu 4500
001    13399125726
003     ULIB
008    170826s2559||||th 000 0 tha d
020    ^a9786162798436
060  0 ^aWB115^bก287
245  0 ^aกลยุทธ์การบริบาลผู้ป่วยนอก =^bAmbulatory medicine - the survivors /^cบรรณาธิการ, พจมาน พิศาลประภา, สราวุฒิ ศิวโมกษธรรม, ธันยชัย สุระ.
246  3 ^aAmbulatory medicine - the survivors
250    ^aพิมพ์ครั้งที่ 1.
260    ^aกรุงเทพฯ :^bสาขาวิชาการบริบาลผู้ป่วยนอก ภาควิชาอายุรศาสตร์ คณะแพทยศาสตร์ศิริราชพยาบาล,^c2559.
300    ^a544 หน้า :^bภาพประกอบ ;^c21 ซม.
505 0  ^a... การดูแลรักษาผู้ป่วยนอก ... การใช้ยาหลายขนานอย่างไม่เหมาะสม ... การดูแลรักษาโรคเบาหวานด้วยยาเม็ดลดระดับนํ้าตาล ... การดูแลรักษาโรคเบาหวานด้วยอินซูลิน ... การดูแลรักษาโรคความดันโลหิตสูง ... การปรับยาลดความดันโลหิต ... การดูแลรักษาภาวะไขมันในเลือดผิดปกติ ... การดูแลรักษาภาวะไทรอยด์เป็นพิษชนิด Graves disease ... การดูแลรักษาภาวะไทรอยด์เป็นพิษจากก้อนที่ต่อมไทรอยด์และภาวะไทรอยด์อักเสบ ... การดูแลรักษาภาวะขาดฮอร์โมนไทรอยด์ ... การดูแลรักษาภาวะนํ้าหนักตัวเกินและโรคอ้วน ... การวินิจฉัยโรคหลอดเลือดหัวใจตีบชนิดเรื่อรัง ... การรักษาโรคหลอดเลือดหัวใจตีบชนิดเรื่อรัง ... การดูแลรักษาอาการใจสั่น ... การดูแลรักษาโรคหืด ... การดูแลรักษาโรคหลอดลมอุดกั้นเรื่อรัง ... การดูแลรักษาภาวะดิสเปปเซียและการติดเชื้อเฮลิโคแบคเตอร์ไพลออไร ... การดูแลรักษาโรคกรดไหลย้อน ... การใช้ยาต้านการอักเสบที่ไม่ไช่สเตียรอยด์และยายับยั่งการหลั่งกรด ... การดูแลรักษาโรคตับอักเสบเรื่อรัง ... การดูแลรักษาโรคไวรัสตับอักเสบบีเรื่อรัง ... การดูแลรักษาโรคไวรัสตับอักเสบซีเรื่อรัง ... การดูแลรักษาภาวะท้องผูกเรื่อรัง ... การดูแลรักษาโรคไตเรื่อรังระยะก่อนฟอกไต ... การดูแลรักษาภาวะซีด ... การดูแลรักษาโรคเกาต์ ... การดูแลรักษาภาวะปวดศีรษะชนิดไม่พบพยาธิสภาพ ... การใช้ยาต้านจุลชีพอย่างสมเหตุสมผลในโรคติดเชื้อที่พบบ่อย ... การดูแลรักษาผู้ติดเชื้อเอชไอวี ... การดูแลรักษาโรคผื่นภูมิแพ้ผิวหนัง ... การนำเภสัชพันธุศาสตร์มาใช้ในการดูแลรักษาผู้ป่วย
650  7 ^aผู้ป่วย, การดูแล
650  7 ^aผู้ป่วย^xการดูแล
650  7 ^aอายุรศาสตร์^xรวมเรื่อง
700  0 ^aพจมาน พิศาลประภา,^eบรรณาธิการ
700  0 ^aสราวุฒิ ศิวโมกษธรรม,^eบรรณาธิการ
700  0 ^aธันยชัย สุระ,^eบรรณาธิการ
945    ^p400^l0^i25319
999    ^aทศพร เกษรทอง
รายการนี้ยังไม่มีแท็ก
คุณยังไม่ได้ล็อกอิน คุณสามารถมีกิจกรรมร่วมกับเว็บไซต์ได้ แต่ต้องล็อกอินก่อน ::
  ล็อกอิน

รายการสื่อสารสนเทศ

ลำดับที่ ประเภท เลขเรียก/บาร์โค้ด สถานที่ สถานะ
1. วิทยาศาสตร์การแพทย์ และสุขภาพ
วิทยาศาสตร์การแพทย์ และสุขภาพ
สถานะ=หนังสือเก่า
WB115 ก287 ฉ.1 
  Barcode: 25319
ห้องสมุดวิทยาเขตนครสวรรค์
►ส่วนจัดเก็บหนังสือเก่า นว.
บนชั้น
  ขอยืม

รายการใกล้เคียง
    หัวเรื่อง [ผู้ป่วย, การดูแล]
    หัวเรื่อง [ผู้ป่วย การดูแล]

BibComment


ยังไม่เคยถูกคอมเมนท์

คอมเมนท์ทรัพยากรรายการนี้
  คอมเมนท์: กลยุทธ์การบริบาล..


 Copyright 2026. Bcnsprnw @Library